[Event "Faroes Open 2018"]
[Site "Sandavagur"]
[Date "2018.07.08"]
[Round "2"]
[White "Petersen, Gutti"]
[Black "Spiesberger, Gerhard"]
[Result "0-1"]
[WhiteElo "1596"]
[BlackElo "2043"]
[Annotator "NA"]
[PlyCount "92"]
[EventDate "2018.07.07"]
[EventType "swiss"]
[EventCountry "FAI"]
[SourceTitle "playchess.com"]
[Source "ChessBase"]
[SourceQuality "1"]
[TimeControl "40/5400+30:900+30"]

1. e4 d5 {[%emt 0:00:14]} 2. exd5 {[%emt 0:00:21]} Qxd5 {[%emt 0:00:22]} 3. Nc3 {[%emt 0:00:49]} Qe5+ {[%emt 0:01:46]} 4. Qe2 {[%emt 0:00:46]} Qxe2+ {[%emt 0:00:42]} 5. Bxe2 {[%emt 0:01:35]} Bf5 {[%emt 0:00:35]} 6. d3 {[%emt 0:00:27]} Nc6 {[%emt 0:00:32]} 7. Be3 {[%emt 0:04:47]} e5 {[%emt 0:05:20]} 8. a3 {[%emt 0:00:34]} Bd6 {[%emt 0:01:34]} 9. Bf3 {[%emt 0:02:04]} Nge7 {[%emt 0:08:05]} 10. Nge2 {[%emt 0:00:46]} O-O {[%emt 0:08:52]} 11. Ng3 {[%emt 0:06:45]} Be6 {[%emt 0:02:57]} 12. Nge4 {[%emt 0:03:47]} f5 {[%emt 0:02:49]} 13. Nc5 {[%emt 0:05:43]} Bxc5 {[%emt 0:03:23]} 14. Bxc5 {[%emt 0:00:52]} Rfd8 {[%emt 0:00:40]} 15. Bxe7 {[%emt 0:01:24]} Nxe7 {[%emt 0:00:50]} 16. O-O {[%emt 0:00:57]} Kf7 {[%emt 0:06:59]} 17. Rfe1 {[%emt 0:05:27]} Kf6 {[%emt 0:02:44]} 18. b4 {[%emt 0:02:52]} Bd5 {[%emt 0:06:55]} 19. Bxd5 {[%emt 0:15:31]} Nxd5 {[%emt 0:01:32]} 20. Nxd5+ Rxd5 21. f3 {[%emt 0:03:36]} Rad8 {[%emt 0:01:13]} 22. Kf2 {[%emt 0:01:02]} Rd4 {[%emt 0:05:17]} 23. g3 {[%emt 0:09:30]} e4 {[%emt 0:06:38]} 24. dxe4 {[%emt 0:05:22]} fxe4 {[%emt 0:00:37]} 25. Re2 {[%emt 0:00:40]} Rc4 {[%emt 0:05:55]} 26. fxe4 {[%emt 0:03:02]} Ke5 {[%emt 0:00:45]} 27. Ke1 {[%emt 0:06:08]} Rd6 {[%emt 0:11:50]} 28. Rd1 {[%emt 0:04:43]} Rxe4 {[%emt 0:01:21]} 29. Rxd6 {[%emt 0:06:33]} cxd6 {[%emt 0:00:36]} 30. Rxe4+ {[%emt 0:01:10]} Kxe4 {[%emt 0:00:10]} 31. Ke2 {[%emt 0:00:42]} Kd4 {[%emt 0:00:31]} 32. Kd2 {[%emt 0:00:01]} b5 {[%emt 0:01:24]} 33. c3+ {[%emt 0:03:03]} Kc4 {[%emt 0:00:17]} 34. Kc2 {[%emt 0:00:08]} g5 {[%emt 0:04:47]} 35. h3 {[%emt 0:00:54]} h5 {[%emt 0:01:14]} 36. Kd2 {[%emt 0:00:38]} Kb3 {[%emt 0:00:23]} 37. Kd3 {[%emt 0:00:17]} Kxa3 {[%emt 0:00:06]} 38. Ke4 {[%emt 0:01:59]} Kb3 {[%emt 0:06:23]} 39. Kd4 {[%emt 0:00:30]} g4 {[%emt 0:00:30]} 40. hxg4 {[%emt 0:00:41]} hxg4 {[%emt 0:00:06]} 41. Kd3 {[%emt 0:15:27]} Kb2 {[%emt 0:15:54]} 42. c4 {[%emt 0:00:00]} bxc4+ {[%emt 0:00:00]} 43. Kxc4 {[%emt 0:00:00]} Ka3 {[%emt 0:00:00]} 44. Kb5 Kb3 {[%emt 0:00:00]} 45. Kc6 Kxb4 {[%emt 0:00:00]} 46. Kxd6 a5 {[%emt 0:00:00]} 0-1

[Event "Faroes Open 2018"]
[Site "Sandavagur"]
[Date "2018.07.08"]
[Round "2"]
[White "Fjallheim, Benjamin Reinert"]
[Black "Fjallheim, Leif Reinert"]
[Result "0-1"]
[WhiteElo "1375"]
[BlackElo "1886"]
[Annotator "NA"]
[PlyCount "38"]
[EventDate "2018.07.07"]
[EventType "swiss"]
[EventCountry "FAI"]
[SourceTitle "playchess.com"]
[Source "ChessBase"]
[SourceQuality "1"]
[TimeControl "40/5400+30:900+30"]

1. e4 {[%emt 0:00:00]} d6 {[%emt 0:00:00]} 2. d4 {[%emt 0:00:08]} Nf6 {[%emt 0:00:14]} 3. f3 {[%emt 0:01:15]} g6 {[%emt 0:00:43]} 4. c4 {[%emt 0:00:48]} Bg7 {[%emt 0:00:28]} 5. Bg5 {[%emt 0:00:54]} c5 {[%emt 0:03:18]} 6. Nc3 {[%emt 0:06:15]} cxd4 {[%emt 0:06:44]} 7. Qxd4 {[%emt 0:00:18]} Nc6 {[%emt 0:01:49]} 8. Qd2 {[%emt 0:00:58]} Be6 {[%emt 0:15:42]} 9. Rd1 {[%emt 0:04:39]} Nd7 {[%emt 0:06:44]} 10. b3 {[%emt 0:06:49]} a6 {[%emt 0:06:19]} 11. Nge2 {[%emt 0:02:43]} Nc5 {[%emt 0:07:49]} 12. Bh6 {[%emt 0:03:39]} Nd3+ {[%emt 0:07:15]} 13. Qxd3 {[%emt 0:00:34]} Bxh6 {[%emt 0:00:17]} 14. Nd4 {[%emt 0:03:12]} Nb4 {[%emt 0:07:09]} 15. Qe2 {[%emt 0:01:01]} Bg7 {[%emt 0:01:31]} 16. Nd5 {[%emt 0:01:34]} Bxd5 {[%emt 0:02:13]} 17. exd5 {[%emt 0:00:21]} Qa5 {[%emt 0:02:57]} 18. Kf2 {[%emt 0:03:37]} Qc5 {[%emt 0:11:42]} 19. Ke3 {[%emt 0:08:04]} Bxd4+ {[%emt 0:04:31] Kxd4} 0-1

[Event "Faroes Open 2018"]
[Site "Sandavagur"]
[Date "2018.07.09"]
[Round "3"]
[White "Jones, Gawain C B"]
[Black "Nakar, Eylon"]
[Result "1/2-1/2"]
[WhiteElo "2670"]
[BlackElo "2462"]
[Annotator "TA"]
[PlyCount "71"]
[EventDate "2018.07.07"]
[EventType "swiss"]
[EventCountry "FAI"]
[SourceTitle "playchess.com"]
[Source "ChessBase"]
[SourceQuality "1"]

{[%evp 18,71,6,0,16,0,0,-6,0,-27,-33,-32,0,0,0,0,0,0,0,-81,-88,-93,-87,-109,-100,-116,-64,-87,-64,-59,-62,-77,-59,-59,-59,-58,-58,-59,-58,-68,-67,-61,-17,-40,-38,-76,-44,-68,-45,-45,-38,-125,-125,-124,0,0]} 1. Nf3 Nf6 2. g3 c5 3. c4 Nc6 4. Bg2 d5 5. cxd5 Nxd5 6. Nc3 Nxc3 7. bxc3 e5 8. O-O Be7 9. d3 O-O {A34: Symmetrical English: 2 Nc3, lines with ...d5} 10. Nd2 {LiveBook: 12 Games} Qe8 11. Nc4 Be6 12. Ne3 Qd7 13. f4 $146 ({Predecessor:} 13. c4 Bh3 14. Nd5 Bxg2 15. Kxg2 Nb4 16. e4 f5 17. Bb2 Nxd5 18. exd5 {½-½ (43) Pantsulaia,L (2586)-Sutovsky,E (2683) Heraklio 2017}) 13... exf4 14. gxf4 {Threatens to win with f5.} Bh3 15. Bxh3 Qxh3 16. Nd5 Rad8 17. Rf3 Qh5 18. Nxe7+ (18. c4 $11 {keeps the balance.}) 18... Nxe7 $17 19. Qf1 {[#]} c4 $1 $36 {[%mdl 2560] Keeping White busy.} 20. Rh3 (20. dxc4 Nf5) 20... Qg6+ 21. Qg2 {[#]} cxd3 (21... Qf6 $1 $17 {[%cal Rf6c3]} 22. Bd2 Rfe8) 22. Qxg6 $15 fxg6 23. Rxd3 Rxd3 24. exd3 $17 {[%mdl 4096] Endgame KRB-KRN} Nd5 25. c4 Nxf4 26. Bxf4 Rxf4 $15 {KR-KR} 27. a4 Kf7 28. Rb1 b6 29. a5 Rf6 30. axb6 axb6 31. Ra1 Rf3 32. d4 Rf4 33. Ra7+ Ke6 34. c5 (34. Rxg7 $15 Rxd4 35. Rb7) 34... bxc5 $17 ({Much worse is} 34... Rxd4 $6 35. cxb6 Rb4 36. Rxg7 $11) 35. dxc5 {[#]} Rc4 ({Better is} 35... Rf7 $1 $17 {[%cal Rf7a7]} 36. Ra6+ Kd5) 36. Rxg7 {Precision: White = 62%, Black = 51%.} 1/2-1/2

[Event "Faroes Open 2018"]
[Site "Sandavagur"]
[Date "2018.07.09"]
[Round "3"]
[White "Vavulin, Maksim"]
[Black "Fruehauf, Norbert"]
[Result "1-0"]
[WhiteElo "2552"]
[BlackElo "1958"]
[Annotator "RC"]
[PlyCount "65"]
[EventDate "2018.07.07"]
[EventType "swiss"]
[EventCountry "FAI"]
[SourceTitle "playchess.com"]
[Source "ChessBase"]
[SourceQuality "1"]
[TimeControl "40/5400+30:900+30"]

1. e4 {[%emt 0:00:00]} d6 {[%emt 0:00:00]} 2. d4 {[%emt 0:00:00]} Nf6 {[%emt 0:00:00]} 3. Nc3 {[%emt 0:00:00]} e5 {[%emt 0:00:12]} 4. Nf3 {[%emt 0:00:00]} exd4 {[%emt 0:00:25]} 5. Nxd4 {[%emt 0:00:02]} Be7 {[%emt 0:00:20]} 6. Bf4 {[%emt 0:00:59]} O-O {[%emt 0:00:55]} 7. Qd2 {[%emt 0:00:48]} a6 {[%emt 0:03:33]} 8. Nb3 {[%emt 0:04:14]} Be6 {[%emt 0:03:29]} 9. O-O-O {[%emt 0:00:14]} Nc6 {[%emt 0:02:24]} 10. f3 {[%emt 0:00:52]} b5 {[%emt 0:04:02]} 11. Kb1 {[%emt 0:00:39]} Nd7 {[%emt 0:02:55]} 12. g4 {[%emt 0:01:18]} Nde5 {[%emt 0:00:49]} 13. Qf2 {[%emt 0:03:30]} Qb8 {[%emt 0:08:10]} 14. Nd5 {[%emt 0:01:53]} Re8 {[%emt 0:00:54]} 15. h4 {[%emt 0:00:24]} a5 {[%emt 0:01:23]} 16. g5 {[%emt 0:01:43]} a4 {[%emt 0:00:58]} 17. Nc1 {[%emt 0:00:35]} b4 {[%emt 0:00:31]} 18. Bd2 {[%emt 0:02:40]} b3 {[%emt 0:05:40]} 19. cxb3 {[%emt 0:00:41]} axb3 {[%emt 0:00:10]} 20. a3 {[%emt 0:00:08]} Na5 {[%emt 0:09:26]} 21. Bc3 {[%emt 0:03:05]} c5 {[%emt 0:09:44]} 22. f4 {[%emt 0:01:41]} Nec4 {[%emt 0:02:36]} 23. h5 {[%emt 0:01:08]} Bxd5 {[%emt 0:02:11]} 24. exd5 {[%emt 0:00:34]} Bf8 {[%emt 0:01:33]} 25. Rh3 {[%emt 0:11:57]} Ra7 {[%emt 0:02:29]} 26. g6 {[%emt 0:05:16]} h6 {[%emt 0:02:03]} 27. gxf7+ {[%emt 0:00:35]} Rxf7 {[%emt 0:01:08]} 28. Bd3 {[%emt 0:00:33]} Rfe7 {[%emt 0:00:51]} 29. Qg1 {[%emt 0:01:14]} Re3 {[%emt 0:06:11]} 30. Rxe3 {[%emt 0:01:48]} Rxe3 {[%emt 0:00:20]} 31. Qg6 {[%emt 0:06:07]} Rxd3 {[%emt 0:00:22]} 32. Qe6+ {[%emt 0:00:17]} Kh7 {[%emt 0:00:47]} 33. Rxd3 {[%emt 0:00:18]} 1-0

[Event "Faroes Open 2018"]
[Site "Sandavagur"]
[Date "2018.07.09"]
[Round "3"]
[White "Ziska, Helgi Dam"]
[Black "Haubro, Martin"]
[Result "1-0"]
[WhiteElo "2552"]
[BlackElo "2373"]
[Annotator "TA"]
[PlyCount "29"]
[EventDate "2018.07.07"]
[EventType "swiss"]
[EventCountry "FAI"]
[SourceTitle "playchess.com"]
[Source "ChessBase"]
[SourceQuality "1"]

{[%evp 18,29,94,95,258,258,410,412,1199,1134,29991,29992,29992,29993]} 1. e4 c5 2. Nf3 d6 3. Bb5+ Nd7 4. d4 Ngf6 5. e5 Qa5+ 6. Nc3 Ne4 7. Rb1 {B51: Sizilianisch (Rossolimo-Variante)} a6 8. Bxd7+ Bxd7 9. O-O Nxc3 10. bxc3 {LiveBook: 10 Partien} Bb5 $146 {[#]} (10... e6 $16 {war nötig.}) ({Vorgänger:} 10... e6 11. d5 Qxa2 12. Rb3 exd5 13. exd6 Be6 14. d7+ Bxd7 {1-0 (22) Mastrovasilis,D (2580)-Volokitin,A (2649) Minsk 2017}) 11. exd6 $1 $18 {[%cal Be5d6,Bd6d7][%mdl 544]} Bxf1 {[#]} (11... O-O-O {kämpft weiter.}) (11... exd6 12. Re1+) 12. d7+ $1 ({Schwächer ist} 12. Kxf1 Qxa2 13. Rxb7 exd6 $16) (12. Qxf1 O-O-O $14) 12... Kd8 (12... Kxd7 $142 13. Ne5+ Ke8) 13. Rxb7 {Se5 ist eine echte Drohung.} cxd4 14. Qxd4 f6 15. Be3 1-0

[Event "Faroes Open 2018"]
[Site "Sandavagur"]
[Date "2018.07.09"]
[Round "3"]
[White "Kunin, Vitaly"]
[Black "Nielsen, Torkil"]
[Result "1-0"]
[WhiteElo "2538"]
[BlackElo "2115"]
[Annotator "ChessBase"]
[PlyCount "79"]
[EventDate "2018.07.07"]
[EventType "swiss"]
[EventCountry "FAI"]
[SourceTitle "playchess.com"]
[Source "ChessBase"]
[SourceQuality "1"]
[TimeControl "40/5400+30:900+30"]

1. d4 {[%emt 0:10:05]} e6 {[%emt 0:00:44]} 2. e4 {[%emt 0:00:48]} d5 {[%emt 0:00:19]} 3. Bd3 {[%emt 0:00:16]} c5 {[%emt 0:01:28]} 4. exd5 {[%emt 0:01:56]} exd5 {[%emt 0:00:23]} 5. dxc5 {[%emt 0:01:06]} Bxc5 {[%emt 0:01:13]} 6. Nf3 {[%emt 0:01:05]} Nf6 {[%emt 0:02:57]} 7. Qe2+ {[%emt 0:03:54]} Qe7 {[%emt 0:02:38]} 8. Qxe7+ {[%emt 0:00:24]} Bxe7 {[%emt 0:00:09]} 9. O-O {[%emt 0:00:51]} O-O {[%emt 0:01:38]} 10. Nc3 {[%emt 0:02:03]} Nc6 {[%emt 0:03:36]} 11. Re1 {[%emt 0:03:39]} Bg4 {[%emt 0:11:14]} 12. Ne5 {[%emt 0:00:48]} Nxe5 {[%emt 0:01:34]} 13. Rxe5 {[%emt 0:00:15]} Bd6 {[%emt 0:00:36]} 14. Re1 {[%emt 0:00:20]} Bb4 {[%emt 0:07:04]} 15. Bd2 {[%emt 0:03:35]} Rfe8 {[%emt 0:09:07]} 16. h3 {[%emt 0:01:53]} Bd7 {[%emt 0:02:48]} 17. a3 {[%emt 0:00:53]} Bxc3 {[%emt 0:08:25]} 18. Bxc3 {[%emt 0:01:17]} Ne4 {[%emt 0:00:35]} 19. Bd4 {[%emt 0:00:23]} a6 {[%emt 0:00:46]} 20. Rad1 {[%emt 0:09:39]} Bc6 {[%emt 0:03:46]} 21. h4 {[%emt 0:05:11]} h6 {[%emt 0:08:28]} 22. f3 {[%emt 0:03:00]} Nd6 {[%emt 0:00:07]} 23. Kf2 {[%emt 0:05:11]} Rxe1 {[%emt 0:02:33]} 24. Rxe1 {[%emt 0:00:14]} Re8 {[%emt 0:00:21]} 25. Rd1 {[%emt 0:01:02]} Nc4 {[%emt 0:03:20]} 26. g4 {[%emt 0:01:03]} Ne5 {[%emt 0:01:38]} 27. Bf1 {[%emt 0:01:13]} f6 {[%emt 0:01:41]} 28. h5 {[%emt 0:03:17]} Rc8 {[%emt 0:02:40]} 29. Kg3 {[%emt 0:00:54]} Kf7 {[%emt 0:02:44]} 30. b3 {[%emt 0:03:22]} b5 {[%emt 0:06:57]} 31. f4 {[%emt 0:14:50]} Nd7 {[%emt 0:01:45]} 32. Bf2 {[%emt 0:02:45]} Bb7 {[%emt 0:02:14]} 33. c4 {[%emt 0:01:38]} bxc4 {[%emt 0:00:49]} 34. bxc4 {[%emt 0:01:56]} Nc5 {[%emt 0:01:33]} 35. Bg2 {[%emt 0:00:56]} Ke7 {[%emt 0:03:43]} 36. cxd5 {[%emt 0:00:44]} Kd6 {[%emt 0:00:44]} 37. Rb1 {[%emt 0:01:30]} Ba8 {[%emt 0:03:59]} 38. Rb6+ {[%emt 0:01:53]} Kd7 {[%emt 0:00:52]} 39. g5 {[%emt 0:02:22]} Rc7 {[%emt 0:01:50]} 40. Bh3+ {[%emt 0:01:24]} 1-0

[Event "Faroes Open 2018"]
[Site "Sandavagur"]
[Date "2018.07.09"]
[Round "3"]
[White "Miezis, Normunds"]
[Black "Rødgaard, John"]
[Result "0-1"]
[WhiteElo "2468"]
[BlackElo "2319"]
[Annotator "RC"]
[PlyCount "64"]
[EventDate "2018.07.07"]
[EventType "swiss"]
[EventCountry "FAI"]
[SourceTitle "playchess.com"]
[Source "ChessBase"]
[SourceQuality "1"]
[TimeControl "40/5400+30:900+30"]

1. e4 {[%emt 0:01:58]} e6 {[%emt 0:01:58]} 2. d4 {[%emt 0:00:49]} d5 {[%emt 0:00:11]} 3. exd5 {[%emt 0:00:23]} exd5 {[%emt 0:00:17]} 4. Nf3 {[%emt 0:00:15]} Nf6 {[%emt 0:02:05]} 5. Bd3 {[%emt 0:03:31]} Bg4 {[%emt 0:20:54]} 6. O-O {[%emt 0:03:09]} Be7 {[%emt 0:01:27]} 7. h3 {[%emt 0:00:50]} Bh5 {[%emt 0:04:02]} 8. Re1 {[%emt 0:01:23]} O-O {[%emt 0:01:38]} 9. Nc3 {[%emt 0:13:46]} Nbd7 {[%emt 0:11:52]} 10. g4 {[%emt 0:11:38]} Bg6 {[%emt 0:00:20]} 11. Bxg6 {[%emt 0:14:14]} fxg6 {[%emt 0:13:52]} 12. Ng5 {[%emt 0:03:30]} Re8 {[%emt 0:01:40]} 13. Ne6 {[%emt 0:05:46]} Qc8 {[%emt 0:05:10]} 14. Bf4 {[%emt 0:03:31]} g5 {[%emt 0:16:56]} 15. Bg3 {[%emt 0:07:33]} Bd8 {[%emt 0:06:19]} 16. Nb5 {[%emt 0:04:02]} Nf8 {[%emt 0:02:32]} 17. Nexc7 {[%emt 0:01:32]} Rxe1+ {[%emt 0:01:08]} 18. Qxe1 {[%emt 0:00:14]} a6 {[%emt 0:00:19]} 19. Qa5 {[%emt 0:11:20]} Rb8 {[%emt 0:03:01]} 20. Nc3 {[%emt 0:06:51]} b6 {[%emt 0:01:50]} 21. Qxa6 {[%emt 0:00:13]} Bxc7 {[%emt 0:00:05]} 22. Qxc8 {[%emt 0:00:06]} Rxc8 {[%emt 0:00:10]} 23. Re1 {[%emt 0:00:14]} Bxg3 {[%emt 0:00:44]} 24. fxg3 {[%emt 0:00:02]} Kf7 {[%emt 0:00:42]} 25. a4 {[%emt 0:00:05]} Ne6 {[%emt 0:00:36]} 26. Rd1 {[%emt 0:00:57]} Rc4 {[%emt 0:00:46]} 27. Nb5 {[%emt 0:00:01]} Rxc2 {[%emt 0:00:24]} 28. b4 {[%emt 0:00:09]} Ne4 {[%emt 0:00:25]} 29. a5 {[%emt 0:00:11]} bxa5 {[%emt 0:00:28]} 30. bxa5 {[%emt 0:00:02]} Ra2 {[%emt 0:00:40]} 31. Rf1+ {[%emt 0:00:02]} Ke7 {[%emt 0:00:26]} 32. Na7 {[%emt 0:00:02]} Nxd4 {[%emt 0:00:29]} 0-1

[Event "Faroes Open 2018"]
[Site "Sandavagur"]
[Date "2018.07.09"]
[Round "3"]
[White "Nielsen, Høgni Egilstoft"]
[Black "Greenfeld, Alon"]
[Result "1/2-1/2"]
[WhiteElo "2397"]
[BlackElo "2496"]
[Annotator "ChessBase"]
[PlyCount "110"]
[EventDate "2018.07.07"]
[EventType "swiss"]
[EventCountry "FAI"]
[SourceTitle "playchess.com"]
[Source "ChessBase"]
[SourceQuality "1"]
[TimeControl "40/5400+30:900+30"]

1. e4 {[%emt 0:00:00]} e5 {[%emt 0:00:50]} 2. Nf3 {[%emt 0:00:00]} Nc6 {[%emt 0:00:39]} 3. Bc4 {[%emt 0:00:22]} Nf6 {[%emt 0:01:02]} 4. d3 {[%emt 0:00:42]} Bc5 {[%emt 0:02:59]} 5. c3 {[%emt 0:00:47]} O-O {[%emt 0:01:00]} 6. O-O {[%emt 0:06:13]} d5 {[%emt 0:02:03]} 7. exd5 {[%emt 0:00:28]} Nxd5 {[%emt 0:00:06]} 8. Bg5 {[%emt 0:15:09]} Be7 {[%emt 0:26:36]} 9. Bxe7 {[%emt 0:04:41]} Ndxe7 {[%emt 0:00:10]} 10. Re1 {[%emt 0:02:46]} Ng6 {[%emt 0:03:15]} 11. Nbd2 {[%emt 0:01:04]} Nf4 {[%emt 0:10:42]} 12. Nf1 {[%emt 0:11:06]} Qf6 {[%emt 0:06:44]} 13. Re3 {[%emt 0:22:21]} Bg4 {[%emt 0:09:02]} 14. h3 {[%emt 0:05:26]} Bf5 {[%emt 0:00:37]} 15. Ng3 {[%emt 0:04:53]} Rad8 {[%emt 0:00:34]} 16. Qf1 {[%emt 0:07:23]} a6 {[%emt 0:05:10]} 17. Rd1 {[%emt 0:05:13]} Rfe8 {[%emt 0:12:09]} 18. d4 {[%emt 0:02:59]} exd4 {[%emt 0:02:03]} 19. Rxe8+ {[%emt 0:00:13]} Rxe8 {[%emt 0:00:05]} 20. Nxd4 {[%emt 0:00:24]} Nxd4 {[%emt 0:03:23]} 21. Rxd4 {[%emt 0:02:53]} Bg6 {[%emt 0:00:13]} 22. Qc1 {[%emt 0:01:16]} Ne6 {[%emt 0:02:35]} 23. Rd7 {[%emt 0:03:21]} Nc5 {[%emt 0:02:11]} 24. Rd5 {[%emt 0:00:18]} b6 25. Qd2 h6 {[%emt 0:02:39]} 26. Kh2 {[%emt 0:01:42]} a5 {[%emt 0:01:03]} 27. b4 {[%emt 0:00:42]} axb4 {[%emt 0:03:04]} 28. cxb4 {[%emt 0:00:06]} Ne4 {[%emt 0:00:46]} 29. Nxe4 {[%emt 0:00:38]} Rxe4 {[%emt 0:00:13]} 30. Bb3 {[%emt 0:01:03]} c6 {[%emt 0:01:01]} 31. Rd8+ {[%emt 0:00:45]} Kh7 {[%emt 0:00:03]} 32. Qd6 {[%emt 0:00:33]} Qxf2 {[%emt 0:00:42]} 33. Qb8 {[%emt 0:00:06]} Qf4+ {[%emt 0:00:39]} 34. Qxf4 {[%emt 0:00:03]} Rxf4 {[%emt 0:00:07]} 35. Rd6 {[%emt 0:01:11]} Rxb4 {[%emt 0:02:14]} 36. Rxc6 {[%emt 0:00:07]} h5 {[%emt 0:00:32]} 37. Kg3 {[%emt 0:00:51]} h4+ {[%emt 0:00:40]} 38. Kf2 {[%emt 0:00:03]} Kh6 {[%emt 0:00:27]} 39. Ke3 {[%emt 0:01:09]} Kg5 {[%emt 0:00:06]} 40. Rd6 {[%emt 0:00:31]} Re4+ {[%emt 0:00:49]} 41. Kf3 {[%emt 0:15:22]} Rf4+ {[%emt 0:04:35]} 42. Ke3 {[%emt 0:00:00]} Rf6 {[%emt 0:00:36]} 43. Rd5+ {[%emt 0:00:00]} Rf5 {[%emt 0:00:35]} 44. Rd4 {[%emt 0:00:00]} Re5+ {[%emt 0:03:02]} 45. Kf2 {[%emt 0:00:00]} Bh5 {[%emt 0:01:19]} 46. Rb4 {[%emt 0:00:00]} b5 {[%emt 0:00:33]} 47. a4 {[%emt 0:00:00]} bxa4 {[%emt 0:00:19]} 48. Bxa4 {[%emt 0:00:00]} Rc5 {[%emt 0:02:11]} 49. Rb5 {[%emt 0:01:03]} Rxb5 {[%emt 0:00:07]} 50. Bxb5 {[%emt 0:00:04]} Kf4 {[%emt 0:00:09]} 51. Be8 {[%emt 0:00:41]} Bg6 {[%emt 0:00:54]} 52. Bc6 {[%emt 0:00:24]} Be4 {[%emt 0:02:00]} 53. Be8 {[%emt 0:00:33]} f6 {[%emt 0:00:51]} 54. Bd7 {[%emt 0:00:31]} g5 {[%emt 0:00:16]} 55. Bb5 {[%emt 0:00:43]} f5 1/2-1/2

[Event "Faroes Open 2018"]
[Site "Sandavagur"]
[Date "2018.07.09"]
[Round "3"]
[White "Kristiansen, Jens"]
[Black "Hruby, Milan"]
[Result "1/2-1/2"]
[WhiteElo "2380"]
[BlackElo "2031"]
[Annotator "NA"]
[PlyCount "68"]
[EventDate "2018.07.07"]
[EventType "swiss"]
[EventCountry "FAI"]
[SourceTitle "playchess.com"]
[Source "ChessBase"]
[SourceQuality "1"]
[TimeControl "40/5400+30:900+30"]

1. d4 {[%emt 0:00:00]} d5 {[%emt 0:00:00]} 2. c4 {[%emt 0:00:00]} e6 {[%emt 0:00:00]} 3. Nc3 {[%emt 0:00:00]} c5 {[%emt 0:01:03]} 4. e3 {[%emt 0:02:16]} Nc6 {[%emt 0:00:07]} 5. Nf3 {[%emt 0:00:09]} Nf6 {[%emt 0:00:07]} 6. cxd5 {[%emt 0:00:31]} exd5 {[%emt 0:00:25]} 7. Bb5 {[%emt 0:00:10]} cxd4 {[%emt 0:00:26]} 8. Nxd4 {[%emt 0:00:40]} Bd7 {[%emt 0:00:08]} 9. O-O {[%emt 0:00:54]} Bd6 {[%emt 0:09:06] D32: Tarrasch Defence: Sidelines and lines without g3} 10. b3 {[%emt 0:04:30]} O-O {[%emt 0:03:41]} 11. Bb2 {[%emt 0:00:23]} Re8 {[%emt 0:07:04]} 12. Rc1 {[%emt 0:04:04]} (12. Nf3 Bg4 13. Bxc6 bxc6 14. Rc1 Be5 15. Na4 Bxb2 16. Nxb2 Rc8 17. h3 Bxf3 18. Qxf3 {½-½ (61) So,W (2778)-Anand,V (2759) Leuven 2018}) 12... Qe7 $146 {[%emt 0:03:49]} ({Predecessor:} 12... Nxd4 13. Bxd7 Qxd7 14. Qxd4 Be5 15. Qd3 d4 16. exd4 Qxd4 17. Qf3 Qd2 18. Ba1 Rac8 {½-½ (37) Meister,J (2385)-Yakovich,Y (2450) Barnaul 1988}) 13. Nf3 {[%emt 0:04:35]} Be6 {[%emt 0:14:18]} 14. Ne2 {[%emt 0:05:44]} Rac8 {[%emt 0:03:43]} 15. Nfd4 {[%emt 0:13:37]} Bd7 {[%emt 0:01:03]} 16. Ng3 {[%emt 0:02:04]} Nxd4 {[%emt 0:11:43]} 17. Rxc8 {[%emt 0:01:39]} Nxb5 {[%emt 0:05:24]} 18. Rxe8+ {[%emt 0:00:51]} Nxe8 {[%emt 0:03:10]} 19. Qxd5 {[%emt 0:00:46]} Bc6 {[%emt 0:01:03]} 20. Qd3 {[%emt 0:02:14]} Be5 {[%emt 0:06:30]} 21. Bxe5 {[%emt 0:02:33]} Qxe5 {[%emt 0:00:17]} 22. Rd1 {[%emt 0:02:00]} g6 {[%emt 0:03:02]} 23. Ne2 {[%emt 0:03:19]} Nf6 {[%emt 0:09:39]} 24. a4 {[%emt 0:08:39]} Nc7 {[%emt 0:00:29]} 25. Qd4 {[%emt 0:00:25]} Qd5 {[%emt 0:03:59]} 26. Qxd5 {[%emt 0:00:53]} Bxd5 {[%emt 0:01:17]} 27. Nd4 {[%emt 0:00:22]} Ne6 {[%emt 0:00:38]} 28. Nxe6 {[%emt 0:00:29]} fxe6 {[%emt 0:03:16]} 29. b4 {[%emt 0:01:47]} Kf7 {[%emt 0:04:16]} 30. Rc1 {[%emt 0:01:54]} Ke7 {[%emt 0:01:48]} 31. f3 {[%emt 0:02:07]} Kd8 {[%emt 0:02:47]} 32. Rc3 {[%emt 0:02:32]} a6 {[%emt 0:00:32]} 33. e4 {[%emt 0:03:51]} Bc6 {[%emt 0:00:07]} 34. a5 {[%emt 0:00:11]} e5 $11 {[%emt 0:00:30]} 1/2-1/2

[Event "Faroes Open 2018"]
[Site "Sandavagur"]
[Date "2018.07.09"]
[Round "3"]
[White "Nielsen, Rógvi Egilstoft"]
[Black "Narayanan, Srinath"]
[Result "0-1"]
[WhiteElo "2337"]
[BlackElo "2549"]
[Annotator "TA"]
[PlyCount "46"]
[EventDate "2018.07.07"]
[EventType "swiss"]
[EventCountry "FAI"]
[SourceTitle "playchess.com"]
[Source "ChessBase"]
[SourceQuality "1"]

{[%evp 15,46,-52,-44,-42,-44,-41,-29,-22,-16,-32,-35,-60,-50,-77,-84,-80,0,0,0,-6,-5,-128,-97,-184,-196,-177,-132,-132,-132,-146,-139,-516,-508]} 1. e4 c5 2. c3 Nf6 3. e5 Nd5 4. d4 cxd4 5. cxd4 d6 6. Nf3 Nc6 7. a3 g6 {B22: Sizilianisch (Alapin 2.c3)} (7... Bg4 8. Be2 e6 9. O-O Be7 10. exd6 Qxd6 11. Nc3 O-O 12. h3 Bh5 13. Be3 Nf4 14. Bb5 Nd5 15. Be2 Nf4 {½-½ (85) Rasulov,V (2483)-Mirzoev,A (2563) Baku 2011}) 8. Bc4 Nb6 {LiveBook: 3 Partien} 9. Ba2 Bg7 {[%cal Rd6e5] Schwarz steht etwas besser.} 10. Ng5 O-O $146 ({Vorgänger:} 10... d5 11. f4 f6 12. Nf3 Bg4 13. O-O O-O 14. Be3 Qd7 15. Nbd2 {½-½ (41) Wach,M (2410)-Videki,S (2430) Vienna 1998}) 11. e6 $1 ({Nicht} 11. Nxf7 $2 Rxf7 12. Bxf7+ Kxf7 $19) 11... fxe6 12. Bxe6+ Kh8 $1 13. d5 Nd4 $1 {Droht stark ...Dc7.} 14. Be3 Nxe6 15. dxe6 {[#]} Kg8 ({Lieber} 15... Qe8 $1 $17 {[%cal Re8b5] zielt auf ...Db5 ab.} 16. Nc3 h6 17. Nf7+ Kh7 18. Bxb6 Bxe6 19. Ng5+ hxg5) 16. Nc3 Nc4 {Und ...Da5 würde nun gewinnen.} 17. O-O Rf5 18. Nce4 (18. Qg4 $1 $11 {hält das Gleichgewicht.} Ne5 19. Qh4) 18... Qa5 $36 {[%mdl 2048] Weiss muss aufpassen.} ({Doch nicht} 18... Nxb2 $6 19. Qc2 $11) 19. Qb3 (19. Bc1 $17) 19... d5 $19 ({Minderwertig wäre} 19... Nxb2 20. Rac1 $11) 20. g4 Nxe3 21. Qxe3 Re5 22. b4 {[#]} Qb6 $1 23. Qf3 $2 {[%mdl 8192]} (23. Qxb6 $17 {war die entscheidende Verteidigung.} axb6 24. Rad1 Bxe6 25. Nxe6 Rxe4 26. Nxg7) 23... Bxe6 {Precision: Weiß = 42%, Schwarz = 93%.} 0-1